History Quiz

Random History Quiz

ALCATRAZ ESCAPE ATTEMPTS Quiz Stats

 Plays Quiz not verified by Sporcle

Support Sporcle.
Go Orange.
Score 0/49 Timer 12:00
0 Plays Today
Hint Answer % Correct
Clarence Anglin
81.1%
John Anglin
81.1%
Attempt #13 - June 11, 1962Frank Morris
79.2%
Attempt #5 - May 21, 1941Joe Cretzer
26.4%
Sam Shockley
26.4%
Attempt #10 - May 2-4, 1946Joe Cretzer
26.4%
Bernard Coy
26.4%
Sam Shockley
26.4%
Attempt #2 - December 16, 1937Ralph Roe
24.5%
Clarence Carnes
24.5%
Attempt #4 - January 13, 1939Arthur 'Doc' Barker
22.6%
Theodore Cole
20.8%
Floyd Hamilton
18.9%
Miran Thompson
18.9%
Thomas Limerick
17%
Henri Young
17%
Attempt #14 - December 16, 1962John Paul Scott
17%
Attempt #1 - April 27, 1936Joseph Bowers
13.2%
Marvin Hubbard
13.2%
Clyde Johnson
13.2%
Attempt #3 - May 23, 1938Rufus Franklin
11.3%
James Lucas
11.3%
9.6%
9.6%
9.6%
Hint Answer % Correct
9.6%
9.6%
9.6%
9.6%
9.6%
9.6%
9.6%
9.6%
9.6%
9.6%
William Martin
9.4%
Attempt #6 - September 15, 1941John Bayless
9.4%
Darl Lee Parker
9.4%
Attempt #9 - July 31, 1945John Giles
9.4%
Dale Stamphill
7.5%
Rufus McCain
7.5%
Lloyd Barkdoll
7.5%
Arnold Kyle
7.5%
Attempt #7 - April 14, 1943James Boarman
7.5%
Attempt #11 - July 23, 1956Floyd Wilson
7.5%
Attempt #12 - September 29, 1958Aaron Burgett
7.5%
Attempt #8 - August 7. 1943Ted Huron Walters
7.5%
Harold Breast
5.7%
Fred Hunter
5.7%

You're not logged in!

Compare scores with friends on all Sporcle quizzes.
OR
Log In

From the Vault

Letter 'A' Hall of Famers

by pdigoe

You can't fight City Hall, but we'd take on the Hall of Fame.
Remove Ads.
Support Sporcle.
Get the best of Sporcle when you Go Orange. This ad-free experience offers more features, more stats, and more fun while also helping to support Sporcle. Thank you for becoming a member.

Show Comments

Extras

Created Oct 23, 2013SourceReportNominate
Tags:attempt, escape

Top Quizzes Today


Score Distribution

Your Account Isn't Verified!

In order to create a playlist on Sporcle, you need to verify the email address you used during registration. Go to your Sporcle Settings to finish the process.

Report this User

Report this user for behavior that violates our Community Guidelines.

Details: